书目信息 |
| 题名: |
影响未来的新科技新产业
|
|
| 作者: | ;中国社会科学院 著 | |
| 分册: | ||
| 出版信息: | 北京 中信出版集团股份有限公司 2017 |
|
| 页数: | 43,308页 | |
| 开本: | 23cm | |
| 丛书名: | ||
| 单 册: | ||
| 中图分类: | F264.2 | |
| 科图分类: | ||
| 主题词: | 高技术产业--研究 | |
| 电子资源: | ||
| ISBN: | 978-7-5086-7119-2 | |
| 000 | 00933nam0 2200241 450 | |
| 001 | 0127002144 | |
| 005 | 20170427002144.0 | |
| 010 | @a978-7-5086-7119-2@b@dCNY58.00 | |
| 100 | @a20170427d2017 em y0chiy50 ea | |
| 101 | 0 | @achi |
| 102 | @aCN@b110000 | |
| 105 | @aa z 000yy | |
| 106 | @ar | |
| 200 | 1 | @a影响未来的新科技新产业@9ying xiang wei lai de xin ke ji xin chan ye@f中国社会科学院工业经济研究所未来产业研究组著@g |
| 210 | @a北京@c中信出版集团股份有限公司@d2017 | |
| 215 | @a43,308页@c图@d23cm | |
| 330 | @a本书分为11章,内容包括:大数据:浪里淘沙方见金、区块链:实现亚当·斯密之梦的“石中剑”、脑科学:“最强大脑”来袭、深度学习:人工智能新时代、驶向明天的无人驾驶汽车等。 | |
| 606 | 0 | @a高技术产业@x研究 |
| 690 | @aF264.2@v5 | |
| 711 | 02 | @a中国社会科学院@9zhong guo she hui ke xue yuan@b工业经济研究所@b未来产业研究组@4著 |
| 801 | 0 | @aCN@b91MARC@c20170427@g |
| 905 | @aBZT@dF264.2@e2 | |
| 906 | @dCNY58.00@n3@r1 | |
| 影响未来的新科技新产业/中国社会科学院工业经济研究所未来产业研究组著.-北京:中信出版集团股份有限公司,2017 |
| 43,308页:图;23cm |
| ISBN 978-7-5086-7119-2:CNY58.00 |
| 本书分为11章,内容包括:大数据:浪里淘沙方见金、区块链:实现亚当·斯密之梦的“石中剑”、脑科学:“最强大脑”来袭、深度学习:人工智能新时代、驶向明天的无人驾驶汽车等。 |
| ● |
| 相关链接 |
|
|
|
正题名:影响未来的新科技新产业
索取号:F264.2/2
 
预约/预借
| 序号 | 登录号 | 条形码 | 馆藏地/架位号 | 状态 | 备注 |
| 1 | 856283 | 2000856283 | 第二书库/ [索取号:F264.2/2] | 在馆 | |
| 2 | 856284 | 2000856284 | 第二书库/ [索取号:F264.2/2] | 在馆 | |
| 3 | 856285 | 2000856285 | 第二书库/ [索取号:F264.2/2] | 在馆 |